000 01001nas a2200289 4500
001 BR2018000788
003 BR-BrBNA
005 20231205131312.0
007 ta
008 230509b bl.|||p| |||| 00| 00por d
040 _aBR-BrBNA
_bpor
_cBiblioteca Nacional de Agricultura
041 _a(Pt)
072 _aK10
100 1 _aTonini, H.
100 1 _aArco-Verde, M.F.
100 1 _aSá, S.P.P. de
245 1 _aDendrometria de espécies nativas em plantios homogêneos no estado de Roraima - andiroba (Carapa guianensis Aubl.), castanha-doBrasil (Bertholletia excelsa Bonpl.), ipê roxo (Tabebuia avellanedae Lorentz ex Griseb)e jatobá (Hymenaea courbaril L.)
650 _aANDIROBA
650 _aCASTANHA DO PARA
650 _aIPE ROXO
650 _aJATOBA
650 _aDENDROMETRIA
650 _aRORAIMA
773 0 _tActa Amazônica (Brazil)
_xISSN 0044-5967
_g(Jul 2005), v. 35(3) p. 353-362
_wBR2018000788
909 _a202311
_bLúcia
_c55
_dLúcia Elande
942 _2AGRIS
_n0
_cANA
999 _c254068
_d254068